|
|
|
|
| LEADER |
01186nam a2200277 a 4500 |
| 001 |
GR-MES13216 |
| 008 |
070926s gr b 001 0 gre d |
| 020 |
|
|
|a 1402047665
|q (hb)
|
| 040 |
|
|
|a GrPaTEI
|b gre
|c GR-PaULI
|
| 040 |
|
|
|a GrPaTEI
|b gre
|c GR-PaULI
|
| 082 |
|
0 |
|a 632.96
|2 22
|
| 245 |
0 |
0 |
|a Trophic and guild interactions in biological control ; edited by Jacques Brodeur ; Guy Boivin.
|
| 260 |
|
|
|a Dordrecht :
|b Springer,
|c 2006
|
| 300 |
|
|
|a x
|a 249σ. :
|b εικ. ;
|c 25εκ.
|
| 490 |
0 |
|
|a Progess in biological control. v.3
|
| 504 |
|
|
|a Περιλαμβάνει βιβλιογραφίες και ευρετήριο.
|
| 650 |
|
0 |
|a Food chains
|
| 650 |
|
0 |
|a Predatory animals
|x Biological control
|
| 650 |
|
4 |
|a Αγρια Ζώα
|
| 650 |
|
4 |
|a Τροφικές αλυσίδες(Οικολογία)
|
| 700 |
1 |
|
|a Boivin, Guy
|
| 700 |
1 |
|
|a Brodeur, Jacques
|
| 942 |
|
|
|2 ddc
|
| 952 |
|
|
|0 0
|1 0
|2 ddc
|4 0
|6 632_960000000000000_TRO
|7 0
|9 271725
|a MSLG
|b MSLG
|c BSC
|d 2021-01-17
|e 24
|f 0
|g 0.00
|l 0
|o 632.96 TRO
|p 2420000022627
|r 2021-01-17 00:00:00
|t 1
|v 2021.00
|w 2021-01-17
|y BK15
|x Μεταφορά από Αμαλιάδα (18/10/22)
|x GrPaTEI
|
| 971 |
|
|
|a .b25792647
|b 15-04-20
|c 13-09-16
|
| 999 |
|
|
|c 157009
|d 157009
|